A practice of social medicine (Record no. 1443775)

MARC details
000 -LEADER
fixed length control field 00615nam a2200217Ia 4500
005 - DATE AND TIME OF LATEST TRANSACTION
control field 20250923144824.0
008 - FIXED-LENGTH DATA ELEMENTS--GENERAL INFORMATION
fixed length control field 008 250917s9999 xx 000 0 eng d
037 ## - SOURCE OF ACQUISITION
Stock number Textual
040 ## - CATALOGING SOURCE
Original cataloging agency DSWL
Language of cataloging eng
Transcribing agency DSWL
041 ## - LANGUAGE CODE
Language code of text/sound track or separate title eng
Source of code eng
084 ## - COLON CLASSIFICATION NUMBER
Classification number L5oaY72.63, N62
Assigning agency DSWL
100 ## - MAIN ENTRY--PERSONAL NAME
Personal name Kark, S.L.
9 (RLIN) 828762
245 #2 - TITLE STATEMENT
Title A practice of social medicine
Statement of responsibility, etc. by S.L. Kark
260 ## - PUBLICATION, DISTRIBUTION, ETC.
Place of publication, distribution, etc. London
Name of publisher, distributor, etc. LivingstonLtd.
Date of publication, distribution, etc. 1962
300 ## - PHYSICAL DESCRIPTION
Extent xii,372p.
365 ## - TRADE PRICE
Price type code INR
Price amount 40 .
700 ## - ADDED ENTRY--PERSONAL NAME
Personal name G.W. Steuart
9 (RLIN) 828763
925 ## -
-- 40 .
942 ## - ADDED ENTRY ELEMENTS (KOHA)
Koha item type Textual
Classification part L5oaY72.63, N62
Holdings
Withdrawn status Lost status Damaged status Not for loan Home library Current library Date acquired Total Checkouts Full call number Barcode Date last seen Price effective from Koha item type
        Department of Social Work Library Department of Social Work Library 2025-09-23   L5oaY72.63, N62 SW0008344 2025-09-23 2025-09-23 Textual
Copyright @ Delhi University Library System